1412 1832 1762 1070 1977 1076 1824 1350 1381 1952 1261 1565 1818 1107 1273 1467 1701 1029 1643 1731 1409 1762 1151 1801 1735 1354 1311 1799 1969 1836 1497 1928 1602 1660 1056 1865 1198 1698 1738 1882 1250 1468 1154 1691 1172 1365 1830 1869 1249 1677 1920 1771 1167 1467 1967 1377 1584 1780 1111 1862 1998 1955 1519 1259 1351 1073 1477 1388 1313 1550 1204 1498 1773 1527 1748 1169 1615 1572 1947 1903 1767 1568 1821 1889 1813 1414 1366 1804 1189 1023 1720 1682 1316 1469 1084 1560 1347 1094 1085 BCNSPRNW ULIB Ver.6.0+V

เปลี่ยนเป็นภาษาไทย

Change to English
 แสดงรายละเอียดบรรณานุกรม
  กลับหน้าหลัก

Brief Record : Get Marc (ISO 2709) : E-mail record : QR code < ปิดหน้าต่าง
LEADER : 00000nam 2200000uu 4500
001    13399126762
003     ULIB
008    190301s2561||||th 000 0 tha d
020 ^9 ^a9786162046957
050 ^D ^aDS915.2^bK20ต
100 0^ aKatto Readlovetree
245 10 ^aโตเกียว ใครๆ ก็เที่ยวได้ Edition 3 : Tokyo & Around/^cKatto Readlovetree
250 ^พ ^aพิมพ์ครั้งที่ 1
260 ^ก ^aกรุงเทพฯ :^bโปรวิชั่น,^c2561.
300 ^3 ^a432 หน้า :^bภาพประกอบ, แผนที่ ;^c21 ซม.
651 ^4 ^aญี่ปุ่น^xภูมิประเทศและการท่องเที่ยว
651 ^4 ^aญี่ปุ่น^xความเป็นอยู่และประเพณี
700 0^ aDPlus Guide Team
945    ^p385^l0^i27156
999    ^aกัณชพร จุลอักษร
รายการนี้ยังไม่มีแท็ก
คุณยังไม่ได้ล็อกอิน คุณสามารถมีกิจกรรมร่วมกับเว็บไซต์ได้ แต่ต้องล็อกอินก่อน ::
  ล็อกอิน

รายการสื่อสารสนเทศ

ลำดับที่ ประเภท เลขเรียก/บาร์โค้ด สถานที่ สถานะ
1. วิทยาศาสตร์การแพทย์ และสุขภาพ
วิทยาศาสตร์การแพทย์ และสุขภาพ
DS915.2 K20ต ฉ.1 
  Barcode: 27156
ห้องสมุดวิทยาเขตนครสวรรค์
►หนังสือทั่วไป:l:General Books
บนชั้น

BibComment


ยังไม่เคยถูกคอมเมนท์

คอมเมนท์ทรัพยากรรายการนี้
  คอมเมนท์: โตเกียว ใครๆ ก็เ..


 Copyright 2026. Bcnsprnw @Library